000 00696nam a2200253Ia 4500
003 OSt
005 20220918201153.0
006 a|||||r|||| 00| 0
007 ta
008 220917b |||||||| |||| 00| 0 eng d
024 _a92,139
037 _cTextual
040 _aARTS
_cARTS
_beng
041 _2eng
_aeng
082 _aV1:19(C9B3).N8, M5
100 _aKortunov Vadim
_997243
245 0 _aPolicy of nuclear adventurism
_b A threat of world peace
260 _aNew Delhi
_bSterling
_c1985
300 _a96p.
_ccm.
500 _aIncludes Index
650 _aWORLD HISTORY
942 _hV1:19(C9B3).N8, M5
_cTEXL
_2CC
999 _c215793
_d215793